00293cam a2200097 i 4500020004000000100001400040245006100054250001100115260003800126300003100164 a9789860594751 :cNT$新台幣250元 a鄭文燦10a贏在決勝點c新世紀公共事務有限公司撰文 a初版 a桃園市: b桃市府, c2019.06 a161面: b圖 ; c21公分